<?xml version="1.0" encoding="UTF-8"?><?xml-stylesheet type="text/xsl" href="static/style.xsl"?><OAI-PMH xmlns="http://www.openarchives.org/OAI/2.0/" xmlns:xsi="http://www.w3.org/2001/XMLSchema-instance" xsi:schemaLocation="http://www.openarchives.org/OAI/2.0/ http://www.openarchives.org/OAI/2.0/OAI-PMH.xsd"><responseDate>2026-04-14T04:39:37Z</responseDate><request verb="GetRecord" identifier="oai:www.recercat.cat:20.500.12328/5249" metadataPrefix="marc">https://recercat.cat/oai/request</request><GetRecord><record><header><identifier>oai:recercat.cat:20.500.12328/5249</identifier><datestamp>2026-03-20T15:59:26Z</datestamp><setSpec>com_2072_67741</setSpec><setSpec>col_2072_484352</setSpec></header><metadata><record xmlns="http://www.loc.gov/MARC21/slim" xmlns:dcterms="http://purl.org/dc/terms/" xmlns:xsi="http://www.w3.org/2001/XMLSchema-instance" xmlns:doc="http://www.lyncode.com/xoai" xsi:schemaLocation="http://www.loc.gov/MARC21/slim http://www.loc.gov/standards/marcxml/schema/MARC21slim.xsd">
   <leader>00925njm 22002777a 4500</leader>
   <datafield ind2=" " ind1=" " tag="042">
      <subfield code="a">dc</subfield>
   </datafield>
   <datafield ind2=" " ind1=" " tag="720">
      <subfield code="a">Díez, Dominica</subfield>
      <subfield code="e">author</subfield>
   </datafield>
   <datafield ind2=" " ind1=" " tag="720">
      <subfield code="a">Aragay Vicente, Nuria</subfield>
      <subfield code="e">author</subfield>
   </datafield>
   <datafield ind2=" " ind1=" " tag="720">
      <subfield code="a">Soms, Mercè</subfield>
      <subfield code="e">author</subfield>
   </datafield>
   <datafield ind2=" " ind1=" " tag="720">
      <subfield code="a">Prat, Gemma</subfield>
      <subfield code="e">author</subfield>
   </datafield>
   <datafield ind2=" " ind1=" " tag="720">
      <subfield code="a">Bonet, Pere</subfield>
      <subfield code="e">author</subfield>
   </datafield>
   <datafield ind2=" " ind1=" " tag="720">
      <subfield code="a">Casas, Miquel</subfield>
      <subfield code="e">author</subfield>
   </datafield>
   <datafield ind2=" " ind1=" " tag="260">
      <subfield code="c">2018-11</subfield>
   </datafield>
   <datafield ind2=" " ind1=" " tag="520">
      <subfield code="a">The aim of the present study was to examine the differences in sociodemographic and clinical characteristics of 104 women diagnosed with compulsive buying behaviour (CBB = 55) or gambling disorder (GD = 49) treated at three public hospitals unit specialized in behavioural addictions from January 2004 to December 2015. Significant between-group differences in sociodemographic variables were observed for cohabitation status (living with a partner or not) and educational level, with a higher percentage of women in the GD group cohabiting (х2 (1), p = .029). By contrast, the CBB group had a significantly higher educational level (х2 (1) = 7.4, p = .007). There were no significant differences between the groups in age of onset, age at treatment initiation, age at the onset of behavioural problems, or in the years elapsed until presenting addiction problems. However, there were significant between-group differences in the amount of money spent weekly (F (1.100) = 4.9, p = .028), with women in the CBB group spending on average €289.4/week (SD, 412.4) versus €151/week (SD, 141.23) in the GD group. The CBB group had significantly more depressive disorders compared to the GD group (х2 (1) = 5.4, p = .020). In contrast, the GD group presented significantly more tobacco use than the CBB group (х2 (1) = 1.19, p = .000). This study suggests that women with CBB or GD share more characteristics than differences and the treatment approaches must take into account gender related factors.</subfield>
   </datafield>
   <datafield ind1="8" ind2=" " tag="024">
      <subfield code="a">Díez, D.; Aragay, N.; Soms, M. [et. al]. Women with compulsive buying or gambling disorder: Similar profiles for different behavioural addictions. Comprehensive Psychiatry, 2018, 87, pp. 95-99. Disponible en: &lt;https://www.sciencedirect.com/science/article/abs/pii/S0010440X18301561?via%3Dihub>. Fecha de acceso: 19 Mar 2026. DOI: 10.1016/j.comppsych.2018.09.002</subfield>
   </datafield>
   <datafield ind1="8" ind2=" " tag="024">
      <subfield code="a">1532-8384</subfield>
   </datafield>
   <datafield ind1="8" ind2=" " tag="024">
      <subfield code="a">https://hdl.handle.net/20.500.12328/5249</subfield>
   </datafield>
   <datafield ind1="8" ind2=" " tag="024">
      <subfield code="a">https://dx.doi.org/10.1016/j.comppsych.2018.09.002</subfield>
   </datafield>
   <datafield tag="653" ind2=" " ind1=" ">
      <subfield code="a">Women</subfield>
   </datafield>
   <datafield tag="653" ind2=" " ind1=" ">
      <subfield code="a">Behavioural addictions</subfield>
   </datafield>
   <datafield tag="653" ind2=" " ind1=" ">
      <subfield code="a">Gambling disorder</subfield>
   </datafield>
   <datafield tag="653" ind2=" " ind1=" ">
      <subfield code="a">Compulsive buying</subfield>
   </datafield>
   <datafield tag="653" ind2=" " ind1=" ">
      <subfield code="a">Psychiatric comorbidity</subfield>
   </datafield>
   <datafield tag="653" ind2=" " ind1=" ">
      <subfield code="a">Mujer</subfield>
   </datafield>
   <datafield tag="653" ind2=" " ind1=" ">
      <subfield code="a">Adicciones conductuales</subfield>
   </datafield>
   <datafield tag="653" ind2=" " ind1=" ">
      <subfield code="a">Trastorno del juego</subfield>
   </datafield>
   <datafield tag="653" ind2=" " ind1=" ">
      <subfield code="a">Compra compulsiva</subfield>
   </datafield>
   <datafield tag="653" ind2=" " ind1=" ">
      <subfield code="a">Comorbilidad psiquiátrica</subfield>
   </datafield>
   <datafield tag="653" ind2=" " ind1=" ">
      <subfield code="a">Dones</subfield>
   </datafield>
   <datafield tag="653" ind2=" " ind1=" ">
      <subfield code="a">Addiccions conductuals</subfield>
   </datafield>
   <datafield tag="653" ind2=" " ind1=" ">
      <subfield code="a">Trastorn del joc</subfield>
   </datafield>
   <datafield tag="653" ind2=" " ind1=" ">
      <subfield code="a">Compra compulsiva</subfield>
   </datafield>
   <datafield tag="653" ind2=" " ind1=" ">
      <subfield code="a">Comorbiditat psiquiàtrica</subfield>
   </datafield>
   <datafield ind2="0" ind1="0" tag="245">
      <subfield code="a">Women with compulsive buying or gambling disorder: Similar profiles for different behavioural addictions</subfield>
   </datafield>
</record></metadata></record></GetRecord></OAI-PMH>